| 000 -LEADER |
| fixed length control field |
03391cam a22004214a 4500 |
| 001 - CONTROL NUMBER |
| control field |
14734849 |
| 003 - CONTROL NUMBER IDENTIFIER |
| control field |
NUST |
| 005 - DATE AND TIME OF LATEST TRANSACTION |
| control field |
20171215104452.0 |
| 008 - FIXED-LENGTH DATA ELEMENTS--GENERAL INFORMATION |
| fixed length control field |
070209s2008 njua b 001 0 eng |
| 010 ## - LIBRARY OF CONGRESS CONTROL NUMBER |
| LC control number |
2007005772 |
| 015 ## - NATIONAL BIBLIOGRAPHY NUMBER |
| National bibliography number |
GBA728977 |
| Source |
bnb |
| 016 7# - NATIONAL BIBLIOGRAPHIC AGENCY CONTROL NUMBER |
| Record control number |
101299185 |
| Source |
DNLM |
| 016 7# - NATIONAL BIBLIOGRAPHIC AGENCY CONTROL NUMBER |
| Record control number |
013716072 |
| Source |
Uk |
| 020 ## - INTERNATIONAL STANDARD BOOK NUMBER |
| International Standard Book Number |
9781588298942 (alk. paper) |
| 020 ## - INTERNATIONAL STANDARD BOOK NUMBER |
| International Standard Book Number |
1588298949 (alk. paper) |
| 035 ## - SYSTEM CONTROL NUMBER |
| System control number |
(OCoLC)ocm84730425 |
| 035 ## - SYSTEM CONTROL NUMBER |
| System control number |
(OCoLC)84730425 |
| 040 ## - CATALOGING SOURCE |
| Original cataloging agency |
DNLM/DLC |
| Transcribing agency |
DLC |
| Modifying agency |
NLM |
| -- |
BTCTA |
| -- |
UKM |
| -- |
BAKER |
| -- |
C#P |
| -- |
YDXCP |
| -- |
DLC |
| 050 00 - LIBRARY OF CONGRESS CALL NUMBER |
| Classification number |
TP248.25.N35 |
| Item number |
N28 2008 |
| 060 10 - NATIONAL LIBRARY OF MEDICINE CALL NUMBER |
| Classification number |
QT 36.5 |
| Item number |
N183 2008 |
| 082 00 - DEWEY DECIMAL CLASSIFICATION NUMBER |
| Classification number |
660.6 SHO |
| Edition number |
22 |
| 245 00 - TITLE STATEMENT |
| Title |
NanoBioTechnology : |
| Remainder of title |
bioinspired devices and materials of the future / |
| Statement of responsibility, etc. |
Edited by Oded Shoseyov and Ilan Levy. |
| 260 ## - PUBLICATION, DISTRIBUTION, ETC. |
| Place of publication, distribution, etc. |
Totowa, N.J. : |
| Name of publisher, distributor, etc. |
Humana Press, |
| Date of publication, distribution, etc. |
c2008. |
| 300 ## - PHYSICAL DESCRIPTION |
| Extent |
xi, 485 p. : |
| Other physical details |
ill. ; |
| Dimensions |
24 cm. |
| 500 ## - GENERAL NOTE |
| General note |
H.B |
| 504 ## - BIBLIOGRAPHY, ETC. NOTE |
| Bibliography, etc. note |
Includes bibliographical references and index. |
| 505 0# - FORMATTED CONTENTS NOTE |
| Formatted contents note |
Nanobiotechnology overview / Oded Shoseyov and Ilan Levy -- Experimental strategies towards the use of the porin MspA as a nanotemplate and for biosensors / Stefan H. Bossmann ... [et al.] -- Bionanotechnology and bionanoscience of artificial bioassemblies / Steven S. Smith and Katarzyna Lamparska-Kupsik -- Genetically engineered s-layer proteins and s-layer-specific heteropolysaccharides as components of a versatile molecular construction kit for applications in nanobiotechnology / Eva-M. Egelseer ... [et al.] -- Photoinduced electron transport in DNA: toward electronic devices based on DNA architecture / Hans-Achim Wagenknecht -- Effective models for charge transport in DNA nanowires / Rafael Gutierrez and Gianaurelio Cuniberti -- Optimizing photoactive proteins for optoelectronic environments by using directed evolution / Jason R. Hillebrecht ... [et al.] -- |
| 505 0# - FORMATTED CONTENTS NOTE |
| Formatted contents note |
DNA-based nanoelectronics / Rosa Di Felice and Danny Porath -- Electrical manipulation of DNA on metal surfaces / Marc Tornow, Kenji Arinaga, and Ulrich Rant -- Nanocomputing / Jennifer Sager, Joseph Farfel, and Darko Stefanovic -- Biomolecular automata / Nataša Jonoska -- Nanomedicine / Kewal K. Jain -- Nano-sized carriers for drug delivery / Sanjeeb K. Sahoo ... [et al.] -- Gene and drug delivery system with soluble inorganic carriers / Jin-Ho Choy, Man Park, and Jae-Min Oh -- Molecules, cells, materials, and systems design based on nanobiotechnology for use in bioanalytical technology / Tetsuya Haruyama -- Self-assembly of short peptides for nanotechnological applications / Ehud Gazit -- Nanotube membranes for biotechnology / Lane A. Baker and Charles R. Martin -- Engineering a molecular railroad / Russell J. Stewart and Loren Limberis -- Water-based nanotechnology: what if we could dope water? / Andreas Kage and Eran Gabbai. |
| 650 #0 - SUBJECT ADDED ENTRY--TOPICAL TERM |
| Topical term or geographic name entry element |
Nanobiotechnology. |
| 9 (RLIN) |
7327 |
| 650 12 - SUBJECT ADDED ENTRY--TOPICAL TERM |
| Topical term or geographic name entry element |
Biotechnology. |
| 9 (RLIN) |
2447 |
| 650 12 - SUBJECT ADDED ENTRY--TOPICAL TERM |
| Topical term or geographic name entry element |
Nanotechnology. |
| 9 (RLIN) |
2826 |
| 650 22 - SUBJECT ADDED ENTRY--TOPICAL TERM |
| Topical term or geographic name entry element |
Nanomedicine. |
| 9 (RLIN) |
7328 |
| 650 #0 - SUBJECT ADDED ENTRY--TOPICAL TERM |
| Topical term or geographic name entry element |
Biomimetic materials. |
| 9 (RLIN) |
2828 |
| 700 1# - ADDED ENTRY--PERSONAL NAME |
| Personal name |
Shoseyov, Oded. |
| 9 (RLIN) |
7329 |
| 700 1# - ADDED ENTRY--PERSONAL NAME |
| Personal name |
Levy, Ilan. |
| 9 (RLIN) |
7330 |
| 856 41 - ELECTRONIC LOCATION AND ACCESS |
| Materials specified |
Table of contents only |
| Uniform Resource Identifier |
<a href="http://www.loc.gov/catdir/toc/ecip0711/2007005772.html">http://www.loc.gov/catdir/toc/ecip0711/2007005772.html</a> |
| 856 42 - ELECTRONIC LOCATION AND ACCESS |
| Materials specified |
Publisher description |
| Uniform Resource Identifier |
<a href="http://www.loc.gov/catdir/enhancements/fy0825/2007005772-d.html">http://www.loc.gov/catdir/enhancements/fy0825/2007005772-d.html</a> |
| 906 ## - LOCAL DATA ELEMENT F, LDF (RLIN) |
| a |
7 |
| b |
cbc |
| c |
orignew |
| d |
1 |
| e |
ecip |
| f |
20 |
| g |
y-gencatlg |
| 942 ## - ADDED ENTRY ELEMENTS (KOHA) |
| Source of classification or shelving scheme |
|
| Koha item type |
Book |
| Call number prefix |
IESE |